000 00397cam a2200157ua 4500
003 OSt
008 250527b |||||||| |||| 00| 0 eng d
041 _aeng
082 _a624.17
_bTIM/ST
100 _aTimoshenko, S .
_97499
245 _aStrength of materials, Part 1 /
250 _a3 /
260 _aNew Delhi :
_bC B S Publishers & Distributers ,
_c1986.
300 _a442 ; .
942 _cBK
999 _c9815
_d9815